[Event "St Petersburg Summer op"]
[Site "St Petersburg"]
[Date "2017.08.24"]
[Round "9"]
[White "Romanov, Aleksandr"]
[Black "Kalashnikova, Elena"]
[Result "0-1"]
[WhiteElo "1553"]
[BlackElo "1737"]
[PlyCount "88"]
[EventDate "2017.08.16"]
[EventType "swiss"]
[EventRounds "9"]
[EventCountry "RUS"]
[SourceTitle "CBM 180 Extra"]
[Source "ChessBase"]
[SourceDate "2017.10.06"]
[SourceVersion "1"]
[SourceVersionDate "2017.10.06"]
[SourceQuality "1"]

1. d4 Nf6 2. c4 g6 3. Nc3 d5 4. Bf4 c6 5. e3 Bg7 6. Nf3 0-0 7. Bd3 dxc4 8. Bxc4 b5 9. Bb3 Bb7 10. 0-0 Nbd7 11. Qe2 Nh5 12. Bg3 Nxg3 13. fxg3 e6 14. Rac1 a6 15. Ne4 Qe7 16. Nc5 Nxc5 17. Rxc5 Rac8 18. Rfc1 Rfd8 19. Ne5 Qe8 20. Qc2 Bh6 21. Kf2 Bf8 22. Ke2 Bxc5 23. Qxc5 Qf8 24. Qb6 Qe7 25. a3 Qc7 26. Qc5 Qd6 27. Qb6 Rc7 28. Rc5 Re7 29. Nxc6 Bxc6 30. Rxc6 Qb8 31. Qa5 Rd6 32. Rc1 Qd8 33. Qb4 Rc7 34. Rf1 Rdc6 35. Kd3 Rc1 36. Rf4 R1c5 37. Rh4 Rh5 38. Rxh5 gxh5 39. Qa5 Qc8 40. e4 Rd7 41. Qd2 Qd8 42. d5 Qf6 43. Qc1 Rd8 44. Bd1 exd5 0-1

[Event "St Petersburg Summer op"]
[Site "St Petersburg"]
[Date "2017.08.22"]
[Round "7"]
[White "Romanov, Aleksandr"]
[Black "Sych, Alina"]
[Result "1/2-1/2"]
[WhiteElo "1553"]
[BlackElo "1599"]
[PlyCount "76"]
[EventDate "2017.08.16"]
[EventType "swiss"]
[EventRounds "9"]
[EventCountry "RUS"]
[SourceTitle "CBM 180 Extra"]
[Source "ChessBase"]
[SourceDate "2017.10.06"]
[SourceVersion "1"]
[SourceVersionDate "2017.10.06"]
[SourceQuality "1"]

1. d4 d5 2. c4 e6 3. Nf3 Be7 4. Bf4 Nf6 5. Nc3 0-0 6. e3 b6 7. Bd3 Bb7 8. Qe2 Nbd7 9. 0-0 Nh5 10. Be5 f6 11. Ng5 fxg5 12. Qxh5 Rf5 13. Bxf5 exf5 14. f4 g6 15. Qe2 Nxe5 16. fxe5 Ba6 17. b3 Bb4 18. Rfc1 dxc4 19. bxc4 f4 20. Nd5 Qxd5 21. Qb2 Qa5 22. exf4 Ba3 23. Qb3 Bxc1 24. c5+ Kh8 25. Rxc1 bxc5 26. Qf7 Qd2 27. Qf6+ Kg8 28. Qe6+ Kf8 29. Qf6+ Ke8 30. Qc6+ Kf7 31. Qf6+ Ke8 32. Qc6+ Kf7 33. Qf6+ Ke8 34. Qe6+ Kf8 35. Qf6+ Kg8 36. Qe6+ Kf8 37. Qf6+ Kg8 38. Qe6+ Kf8 1/2-1/2

[Event "St Petersburg Summer op"]
[Site "St Petersburg"]
[Date "2016.08.25"]
[Round "9"]
[White "Biyachuev, Minkail"]
[Black "Romanov, Aleksandr"]
[Result "1-0"]
[WhiteElo "1400"]
[BlackElo "1722"]
[PlyCount "65"]
[EventDate "2016.08.17"]
[EventType "swiss"]
[EventRounds "9"]
[EventCountry "RUS"]
[SourceTitle "CBM 174 Extra"]
[Source "ChessBase"]
[SourceDate "2016.10.10"]
[SourceVersion "1"]
[SourceVersionDate "2016.10.10"]
[SourceQuality "1"]

1. d4 Nf6 2. Bf4 g6 3. e3 Bg7 4. Bd3 0-0 5. Nf3 d6 6. c4 Nbd7 7. Nbd2 Re8 8. Qc2 b6 9. e4 Bb7 10. h4 c5 11. d5 Rc8 12. Rb1 Qc7 13. b3 h6 14. Nh2 Qb8 15. Ndf3 e6 16. 0-0 e5 17. Bd2 h5 18. Ng5 a6 19. Be2 Nh7 20. Nxh7 Kxh7 21. Nf3 Nf6 22. Ng5+ Kg8 23. f3 Rc7 24. f4 Nh7 25. f5 Bc8 26. Nxh7 Kxh7 27. f6 Bf8 28. Qd1 Bg4 29. Bxg4 hxg4 30. Qxg4 b5 31. h5 bxc4 32. hxg6+ fxg6 33. Rf3 1-0

[Event "St Petersburg Summer op"]
[Site "St Petersburg"]
[Date "2016.08.24"]
[Round "8"]
[White "Romanov, Aleksandr"]
[Black "Mestnikov, Aidin"]
[Result "0-1"]
[WhiteElo "1722"]
[BlackElo "1649"]
[PlyCount "60"]
[EventDate "2016.08.17"]
[EventType "swiss"]
[EventRounds "9"]
[EventCountry "RUS"]
[SourceTitle "CBM 174 Extra"]
[Source "ChessBase"]
[SourceDate "2016.10.10"]
[SourceVersion "1"]
[SourceVersionDate "2016.10.10"]
[SourceQuality "1"]

1. c4 c6 2. d4 d5 3. Nc3 Nf6 4. Nf3 e6 5. Bg5 Nbd7 6. e3 Qa5 7. Qd2 Bb4 8. Rc1 dxc4 9. Bxc4 Ne4 10. Qc2 Nxg5 11. Nxg5 Qxg5 12. 0-0 Bxc3 13. Qxc3 0-0 14. Qb3 b6 15. f4 Qf6 16. Rf2 Bb7 17. Rcf1 g6 18. e4 b5 19. Be2 Rad8 20. e5 Qe7 21. g4 Nb6 22. Qe3 Nd5 23. Qd2 Qh4 24. g5 h6 25. gxh6 Qxh6 26. Qd3 Kg7 27. Rg2 Nxf4 28. Qf3 Nxg2 29. Kxg2 Rxd4 30. Qf6+ Kg8 0-1

[Event "St Petersburg Summer op"]
[Site "St Petersburg"]
[Date "2016.08.20"]
[Round "4"]
[White "Romanov, Aleksandr"]
[Black "Levdansky, Alexey"]
[Result "0-1"]
[WhiteElo "1722"]
[BlackElo "1973"]
[PlyCount "74"]
[EventDate "2016.08.17"]
[EventType "swiss"]
[EventRounds "9"]
[EventCountry "RUS"]
[SourceTitle "CBM 174 Extra"]
[Source "ChessBase"]
[SourceDate "2016.10.10"]
[SourceVersion "1"]
[SourceVersionDate "2016.10.10"]
[SourceQuality "1"]

1. c4 Nf6 2. Nc3 c6 3. d4 d5 4. Nf3 e6 5. Bg5 h6 6. Bh4 g5 7. Bg3 dxc4 8. e3 b5 9. Be5 Nbd7 10. a4 Bb4 11. Be2 Bb7 12. 0-0 a6 13. Qc2 Nxe5 14. Nxe5 Qc7 15. Bf3 0-0 16. Be4 Bxc3 17. bxc3 Nxe4 18. Qxe4 c5 19. Qg4 cxd4 20. cxd4 Kh7 21. f4 f6 22. Nf3 f5 23. Qh5 Bxf3 24. Rxf3 g4 25. Rff1 b4 26. g3 Qd6 27. h3 gxh3 28. g4 fxg4 29. Ra2 Rf5 30. Qh4 c3 31. Rff2 Raf8 32. Kh2 Rg8 33. Rg2 b3 34. Rxg4 Rxg4 35. Qxg4 c2 36. Ra1 b2 37. e4 Rg5 0-1